FUNDAMENTALS OF NURSING VOL-2 (Record no. 21945)
[ view plain ]
| 000 -LEADER | |
|---|---|
| fixed length control field | 00341nam a22001457a 4500 |
| 003 - CONTROL NUMBER IDENTIFIER | |
| control field | SGT |
| 082 ## - DEWEY DECIMAL CLASSIFICATION NUMBER | |
| Classification number | 610.73 |
| Item number | F21T |
| 100 ## - MAIN ENTRY--PERSONAL NAME | |
| Personal name | TAYLOR. CAROL |
| 245 ## - TITLE STATEMENT | |
| Title | FUNDAMENTALS OF NURSING VOL-2 |
| 250 ## - EDITION STATEMENT | |
| Edition statement | 1ST S.A. |
| 260 ## - PUBLICATION, DISTRIBUTION, ETC. (IMPRINT) | |
| Place of publication, distribution, etc | INDIA |
| Name of publisher, distributor, etc | WOLTERS KLUWER PUB |
| Year of Publication | 2021 |
| 300 ## - PAGE DESCRIPTION | |
| No. of Pages | 1257 |
| 650 ## - SUBJECT ADDED ENTRY--TOPICAL TERM | |
| Topical term or geographic name as entry element | FUNDAMENTALS OF NURSING |
| 942 ## - ADDED ENTRY ELEMENTS (KOHA) | |
| Source of classification or shelving scheme | Dewey Decimal Classification |
| Koha item type | Books |
| 942 ## - ADDED ENTRY ELEMENTS (KOHA) | |
| -- | 40 |
| Withdrawn status | Lost status | Source of classification or shelving scheme | Damaged status | Not for loan | Collection code | Home library | Current library | Shelving location | Date acquired | Vendor Name | Volume Information (Serial or Books or Non-Book Material) | SGTU | Bill Number | Total Checkouts | Full call number | Accession No. (Barcode) | Checked out | Date last seen | Date last borrowed | Bill Date | Koha item type |
|---|---|---|---|---|---|---|---|---|---|---|---|---|---|---|---|---|---|---|---|---|---|
| Dewey Decimal Classification | NURSING | SGT Medical Library | SGT Medical Library | Reference Book | 12/10/2021 | ABC DELHI | VOLUME-2 | SGTU | 13309 | 30 | 610.73 F21T | FN4495 | 29/05/2026 | 15/05/2026 | 15/05/2026 | Books | |||||
| Dewey Decimal Classification | NURSING | SGT Medical Library | SGT Medical Library | Reference Book | 12/10/2021 | ABC DELHI | VOLUME-2 | SGTU | 13309 | 21 | 610.73 F21T | FN4496 | 10/06/2025 | 10/06/2025 | Books | ||||||
| Dewey Decimal Classification | NURSING | SGT Medical Library | SGT Medical Library | Reference Book | 12/10/2021 | ABC DELHI | VOLUME-2 | SGTU | 13309 | 9 | 610.73 F21T | FN4497 | 19/12/2024 | 19/12/2024 | Books |